La pequeña dorrit /

Guardado en:
Autor Principal: Dickens, Charles
Formato: Libro
Publicado: Barcelona : Editors, 1984
Materias:
Etiquetas: Agregar Etiqueta
Sin Etiquetas, Sea el primero en etiquetar este registro!
LEADER 00598nam a22002175a 4500
001 CEM.cems011295
005 20120821165914.0
008 130507s1984##################000#0#####d
003 CEMS
020 |a 8475611745 
082 0 4 |a 823.8 
100 1 |a Dickens, Charles 
245 1 0 |a La pequeña dorrit /  |c Charles Dickens 
260 |a Barcelona :  |b Editors,  |c 1984 
300 |a 206 p. 
653 |a Litertura 
653 |a Literatura inglesa-siglo 19 
653 |a Literatura juvenil 
653 |a Novelas 
653 |a Novela juvenil inglesa 
859 |a CEMS  |b BIB. CEMS - 11 de abril  |h 823.8  |i D555  |p 21936.02  |t Ej.1